Fußball mit "N" - Statistiken

Allgemein
  • Dieses Quiz wurde 248 mal gespielt
  • Das Durchschnittsergebnis liegt bei 12 aus 15
Antwortstatistiken
Hinweis Antwort % Korrekt
Land, das dreimal Vize-Weltmeister und 1988 Europameister wurde Niederlande
98%
Er wurde 2023 mit erst 36 Jahren deutscher Bundestrainer Julian {Nagelsmann}
93%
Mit seiner 10. Meisterschaft 1987 löste Bayern München diesen Verein als deutschen Rekordmeister ab 1. FC {Nürnberg}
92%
Miunten, die als Ausgleich für Unterbrechungen zur normalen Spieldauer hinzugefügt werden und gegen Ende einer Halbzeit auf einer Tafel angezeigt werden Nachspielzeit
91%
2018 von der UEFA eingeführtes Turnier, das bisher von Portugal, Frankreich und Spanien gewonnen wurde {Nations} League
90%
In der Saison 1980/81 kamen 10 der 18 Vereine der 1. Bundesliga aus diesem Bundesland Nordrhein-Westfalen
87%
Vereitelung einer klaren Torchance durch ein Foul, das mit einer roten Karte bestraft wird, wenn es der letzte Mann begeht Notbremse
87%
Er war 1974 der erste Spieler, der Weltmeister wurde, während er für einen ausländischen Verein (Real Madrid) spielte Günter {Netzer}
85%
Der in gelb spielende Verein aus dieser Stadt am Atlantik gewann bisher acht mal die französische Meisterschaft Nantes
75%
Dieses Land gewann beim olympischen Fußballturnier 1996 in Atlanta Gold Nigeria
74%
Der Club aus dieser nordenglischen Stadt spielt im St James' Park Newcastle
72%
Brasilianischer Innenverteidiger, der 2009 mit Werder Bremen und 2015 mit dem VfL Wolfsburg DFB-Pokalsieger wurde {Naldo}
69%
Er trainierte unter anderem Schalke und Köln und führte den VfL Bochum 2004 in den Europapokal Peter {Neururer}
69%
Neben zwei Europameisterschaften und olympischem Gold gewann diese Trainerin die WM 2007 mit der Deutschen Frauennationalmannschaft Silvia {Neid}
56%
In dieser Stadt im Schweizer Kanton Waadt befindet sich der Hauptsitz der UEFA Nyon
47%
Keine übereinstimmenden Quizze gefunden
Verteilung der Resultate
Anzahl Personen mit jedem Resultat
Perzentil nach korrekt beantworteten Fragen
Ihre Resultats-Entwicklung
Sie haben dieses Quiz noch nicht gespielt